| 000 | 00000cas 2200000zi 4500 |
| 001 | 9.933157 |
| 003 | CaOODSP |
| 005 | 20251210094337 |
| 006 | m o d f |
| 007 | cr ||||||||||| |
| 008 | 240130c20239999sncar p o f0###a0eng|d |
| 040 | |aCaOODSP|beng|erda|cCaOODSP |
| 043 | |an-cn--- |
| 086 | 1 |aCC211-10E-PDF |
| 110 | 2 |aFarm Credit Canada.|eauthor, |eissuing body. |
| 245 | 10|aAnnual report on the administration of the Access to Information Act : |bfor the period April 1 ... to March 31 ... |
| 264 | 1|a[Regina] : |bFarm Credit Canada, |c[2023]- |
| 310 | |aAnnual |
| 336 | |atext|btxt|2rdacontent |
| 337 | |acomputer|bc|2rdamedia |
| 338 | |aonline resource|bcr|2rdacarrier |
| 362 | 1 |aBegan with: 2022/2023. |
| 500 | |aIssued also in French under title: Rapport annuel sur l'application de la Loi sur l'accès à l'information : pour la période 1er avril ... au 31 mars ... |
| 515 | |aReport year ends March 31. |
| 588 | |aDescription based on: 2022/2023. |
| 588 | |aLatest issue consulted: 2022/2023. |
| 610 | 20|aFarm Credit Canada|vPeriodicals. |
| 610 | 10|aCanada. |tAccess to Information Act|vPeriodicals. |
| 650 | 0|aGovernment information|zCanada|vPeriodicals. |
| 650 | 0|aFreedom of information|zCanada|vPeriodicals. |
| 655 | 7|aPeriodicals|2lcgft |
| 775 | 08|tRapport annuel sur l'application de la Loi sur l'accès à l'information : |w(CaOODSP)9.933168 |